000 00722nam a2200229Ia 4500
003 OSt
005 20251129145739.0
008 220923b |||||||| |||| 00| 0 eng d
020 _a0460119052
037 _cReference Collection
040 _aRTL
_cRTL
_beng
041 _2eng
_aeng
084 _aRx, L3/SC
_qRTL
245 0 _aLeibniz philosophical writings
260 _aLondon
_bJ M & Sons
_c1973
300 _axxvi,270p.
_ccm.
500 _aBibliography : P.xxi-xxiv
700 _aParkinson, G H R
_eTranslator
_9853638
700 _aParkinson, G H R
_9283484
_eEditor
942 _hRx, L3/SC
_cREF
_2CC
_n0
999 _c569616
_d569616